LEADER 00914nam0-22003251i-450- 001 990002888200403321 005 20070226150910.0 010 $a0-444-82172-4 035 $a000288820 035 $aFED01000288820 035 $a(Aleph)000288820FED01 035 $a000288820 100 $a20030910d1997----km-y0itay50------ba 101 0 $aeng 200 1 $aRobust inference$fedited by G.S. Maddala, C.R. Rao 210 $aAmsterdam$cElsevier$d1997 215 $axiv, 698 p.$d25 cm 225 1 $aHandbook of statistics$v15 610 0 $aManuali generali di consultazione 610 0 $aEnciclopedie 676 $a001.4 702 1$aMaddala,$bG. S.$f<1933-1999> 702 1$aRao,$bCalyampudi Radhakrishna$f<1920- > 801 0$aIT$bUNINA$gRICA$2UNIMARC 901 $aBK 912 $a990002888200403321 952 $aXXIX-B-29$b6149$fMAS 959 $aMAS 996 $aRobust inference$9416646 997 $aUNINA LEADER 00908nam a2200253 i 4500 001 991002972129707536 005 20021022144439.0 008 960610s1953 it ||| | ita 035 $ab11736045-39ule_inst 035 $aLE021FD223785$9ExL 040 $aDip. SSSC$bita 100 1 $aWagner, Richard$0254388 245 13$aLa mia vita /$cRichard Wagner ; [traduzione dal tedesco ] a cura di Massimo Mila 260 $aTorino :$bUTET,$c1953 300 $a2 v. ;$c19 cm. 500 $av. 1 : 558 p. : 1 ritr. - v. 2 : p. 561-907. 650 4$aWagner, Richard 700 1 $aMila, Massimo 907 $a.b11736045$b21-09-06$c24-10-02 912 $a991002972129707536 945 $aLE021FD MUS30bisB33-34$g1$iLE021FD-4690$lle023$nFondo D'Amico$o-$pE0.00$q-$rn$so $t0$u0$v0$w0$x0$y.i11975969$z24-10-02 996 $aMia vita$9870797 997 $aUNISALENTO 998 $ale021$b10-06-96$cm$da $e-$fita$git $h3$i1